Les invasions barbares /

محفوظ في:

المؤلف الرئيسي: Riché, Pierre (مؤلف)

مؤلفون آخرون: Le Maitre, Philippe.

التنسيق: كتاب

اللغة: French

منشور في: Paris : Presses universitaires de France, 1953.

الطبعة: [1. éd.]

سلاسل: Que sais-je? ; 556.

الموضوعات:

الوسوم: إضافة وسم

لا توجد وسوم, كن أول من يضع وسما على هذه التسجيلة!

رقم الطلب: DG503 .R5 1953

LEADER 00779nam a2200265I 4500
001 7524
003 OSt
005 20260121091805.0
008 130303s1953 fr a 000 0 fre d
010 |a 54016879 
040 |c ARCE Library 
043 |a e-it--- 
050 4 |a DG503 .R5 1953 
100 1 |a Riché, Pierre,  |e author  |9 38439 
245 1 4 |a Les invasions barbares /  |c Pierre Riché ; Philippe Le Maitre. 
250 |a [1. éd.] 
264 1 |a Paris :  |b Presses universitaires de France,  |c 1953. 
300 |a 124 pages :  |b illustrations ;  |c 18 cm. 
490 1 |a Que sais-je? ;   |v 556. 
651 0 |a Rome  |x History  |y Germanic Invasions, 3rd-6th centuries. 
700 1 |a Le Maitre, Philippe. 
830 0 |a Que sais-je? ;   |v 556. 
901 |a reviewed 
942 |c BK  |2 lcc 
999 |c 9143  |d 9143